|
|
|
|
| LEADER |
00000nam0a2200000 4500 |
| 001 |
302085 |
| 005 |
20240118120143.0 |
| 035 |
|
|
|a (RuTPU)RU\TPU\book\327280
|
| 090 |
|
|
|a 302085
|
| 100 |
|
|
|a 20150819d2013 m y0rusy50 ca
|
| 101 |
0 |
|
|a rus
|
| 102 |
|
|
|a RU
|
| 105 |
|
|
|a a j 001zy
|
| 200 |
1 |
|
|a Безопасность информационных систем
|e учебное пособие для вузов
|f Р. В. Мещеряков, Е. Е. Мокина
|g Национальный исследовательский Томский политехнический университет (ТПУ)
|
| 210 |
|
|
|a Томск
|c Изд-во ТПУ
|d 2013
|
| 215 |
|
|
|a 175 с.
|c ил.
|
| 320 |
|
|
|a Библиогр.: с. 172-174.
|
| 330 |
|
|
|a В пособии в краткой форме изложены теоретические вопросы курса информационной безопасности и защиты информации в сетях ЭВМ, где выделены важнейшие положения.Предназначено для бакалавров и магистрантов, обучающихся по направлению «Информатика и вычислительная техника».
|
| 606 |
1 |
|
|a Вычислительные машины электронные персональные
|x Защита информации
|2 stltpush
|3 (RuTPU)RU\TPU\subj\4209
|9 32503
|
| 610 |
1 |
|
|a труды учёных ТПУ
|
| 610 |
1 |
|
|a информационные системы
|
| 610 |
1 |
|
|a информационная безопасность
|
| 610 |
1 |
|
|a государственная система
|
| 610 |
1 |
|
|a угрозы
|
| 610 |
1 |
|
|a защита
|
| 610 |
1 |
|
|a методы
|
| 610 |
1 |
|
|a методы
|
| 610 |
1 |
|
|a средства защиты
|
| 610 |
1 |
|
|a криптография
|
| 610 |
1 |
|
|a криптозащита
|
| 610 |
1 |
|
|a программное обеспечение
|
| 610 |
1 |
|
|a компьютерные сети
|
| 610 |
1 |
|
|a электронные платежные системы
|
| 610 |
1 |
|
|a электронные карты
|
| 610 |
1 |
|
|a лабораторные практикумы
|
| 610 |
1 |
|
|a учебные пособия
|
| 675 |
|
|
|a 004.056(075.8)
|v 3
|
| 700 |
|
1 |
|a Мещеряков
|b Р. В.
|c специалист в области информатики и вычислительной техники
|c профессор Томского политехнического университета, доктор технических наук
|f 1974-
|g Роман Валерьевич
|3 (RuTPU)RU\TPU\pers\31365
|9 15537
|
| 701 |
|
1 |
|a Мокина
|b Е. Е.
|c специалист в области информатики и вычислительной техники
|c старший преподаватель Томского политехнического университета, инженер
|f 1978-
|g Елена Евгеньевна
|3 (RuTPU)RU\TPU\pers\26572
|9 12261
|
| 712 |
0 |
2 |
|a Национальный исследовательский Томский политехнический университет (ТПУ)
|c (2009- )
|3 (RuTPU)RU\TPU\col\15902
|
| 801 |
|
1 |
|a RU
|b 63413507
|c 20150819
|
| 801 |
|
2 |
|a RU
|b 63413507
|c 20150903
|g RCR
|
| 942 |
|
|
|c BK
|